000 00195 a2200109 4500
020 _a8448800222
041 _aspa
100 _aAnonimo
245 _aLos aristogatos
942 _cBK
952 _71
999 _c19734
_d19734